Générique Chi mon chaton - Paroles - Statistiques

Statistiques générales
  • Ce quiz a été pris 15 fois
  • Le résultat moyen est 24 sur 34
Statistiques - réponses
Paroles % Correct
Dis-moi, dis-{moi} !
100%
Dis-moi, dis-{moi} !
100%
Dis-moi, dis-{moi} !
100%
Dis-moi, dis-{moi} !
100%
Où allons-{nous} ?
100%
Partons à l'{aventure}
100%
Où allons-nous {aujourd}'{hui} ?
93%
Ces rayons me changent la {vie}
86%
Qui vient me réchauffer le {coeur}
86%
Dis-moi, dis-{moi} !
71%
Dis-moi, dis-{moi} !
71%
Dis-moi, dis-{moi} !
71%
Dis-moi, dis-{moi} !
71%
Dis-moi, dis-{moi} !
71%
Dis-moi, dis-{moi} !
71%
Dis-moi, dis-{moi} !
71%
Dis-moi, dis-{moi} !
71%
Et demain, où irons-{nous} ?
71%
Où allons-{nous} ?
71%
Où irons-{nous} ?
71%
Partons à l'{aventure}
71%
Tu sais tout de {moi}
71%
Où allons-nous {aujourd}'{hui} ?
64%
Quelle est cette {chaleur} ?
64%
Dans nos {souvenirs}
57%
Déjà levé, déjà {prêt}
57%
Et {toi} ?
57%
Mais voilà le {soleil}
50%
Quand je m'amuse avec {toi}
50%
Tout de {nous}
50%
J'ai encore {sommeil}
43%
Dans nos {souvenirs}
36%
Tu connais le monde, c'est {fou}
29%
Ma vie est {magique}
21%
Aucun quiz correspondant
Distribution des résultats
% des personnes avec chaque résultat
Percentile par nombre de réponses
Votre historique - résultats
Vous n’avez pas pris ce quiz